000 00421nam a2200169Ia 4500
008 210210b2003 xxu||||| |||| 00| 0 eng d
020 _a81 88826 00 6
041 _aeng
082 _a620.8 PURB
100 _aPUROHIT (S S).
245 _aBiotechnology fundamentals and applications. Ed.3
250 _a
260 _aJodhpur
_bStudent Edition
_c2003
300 _a720
690 _aBiotechnology
906 _aSG04317
999 _c140720
_d140720